<?xml version="1.0" encoding="UTF-8"?>
<record
    xmlns:xsi="http://www.w3.org/2001/XMLSchema-instance"
    xsi:schemaLocation="http://www.loc.gov/MARC21/slim http://www.loc.gov/standards/marcxml/schema/MARC21slim.xsd"
    xmlns="http://www.loc.gov/MARC21/slim">

  <leader>01156nam a22001457a 4500</leader>
  <datafield tag="999" ind1=" " ind2=" ">
    <subfield code="c">520138</subfield>
    <subfield code="d">520138</subfield>
  </datafield>
  <controlfield tag="008">220704b           ||||| |||| 00| 0 eng d</controlfield>
  <datafield tag="100" ind1=" " ind2=" ">
    <subfield code="a">Yadav, Sajjan Singh</subfield>
    <subfield code="9">31823</subfield>
  </datafield>
  <datafield tag="245" ind1=" " ind2=" ">
    <subfield code="a">Harnessing multiplier effect </subfield>
  </datafield>
  <datafield tag="260" ind1=" " ind2=" ">
    <subfield code="a">Yojana </subfield>
  </datafield>
  <datafield tag="300" ind1=" " ind2=" ">
    <subfield code="a">66(3), Mar, 2022: p.25-28</subfield>
  </datafield>
  <datafield tag="520" ind1=" " ind2=" ">
    <subfield code="a">In the union budget 2022-23, the finance, minister Nirmala Sitharaman unveiled a trans formative approach to invigorate demand and accelerate economic growth. The approach relies on boosting capital expenditure, both by the public and the private sector. Capital expenditure is non-recurring, long-term expenditure on creation and acquisition of capital assets. Why is capital expenditure so critical? Studies say that capital expenditure has a multiplier effect of 2.45 in the short run and 4.8 in he long term. &#x2018;Simply put, this means that Rs. 1  crpre spend on capital  is likely to add Rs. 2.45 crore to the gross domestic product (GDP) in the short term. Cumulative impact of this investment on GDP in the long term is likely to be Rs. 4.8 crore. What is behind this multiplier effect. &#x2013; Reproduced </subfield>
  </datafield>
  <datafield tag="773" ind1=" " ind2=" ">
    <subfield code="a">Yojana </subfield>
  </datafield>
  <datafield tag="906" ind1=" " ind2=" ">
    <subfield code="a">BUDGET</subfield>
  </datafield>
  <datafield tag="942" ind1=" " ind2=" ">
    <subfield code="c">AR</subfield>
  </datafield>
  <datafield tag="952" ind1=" " ind2=" ">
    <subfield code="0">0</subfield>
    <subfield code="1">0</subfield>
    <subfield code="2">ddc</subfield>
    <subfield code="4">0</subfield>
    <subfield code="7">0</subfield>
    <subfield code="9">394208</subfield>
    <subfield code="a">IIPA</subfield>
    <subfield code="b">IIPA</subfield>
    <subfield code="d">2022-07-04</subfield>
    <subfield code="h">66(3), Mar, 2022: p.25-28</subfield>
    <subfield code="p">AR126802</subfield>
    <subfield code="r">2022-07-04</subfield>
    <subfield code="y">AR</subfield>
  </datafield>
</record>
